| Tag |
First Indicator |
Second Indicator |
Subfields |
| LEADER |
00000cam a2200000 a 4500 |
| 001 |
in00000012943 |
| 005 |
20151007052305.0 |
| 008 |
870324s1987 enka b 00010 eng |
| 010 |
|
|
|a 87008317
|
| 020 |
|
|
|a 0471915459 :
|c $26.00
|
| 035 |
|
|
|a (OCoLC)15518740
|
| 035 |
|
|
|9 AAA7142AM
|
| 040 |
|
|
|a DLC
|c DLC
|d TXA
|d UtOrBLW
|
| 049 |
|
|
|a TXAM
|c [A11484280]
|
| 050 |
0 |
0 |
|a HF5415
|b .D87 1987
|
| 082 |
0 |
|
|a 658.8
|2 19
|
| 100 |
1 |
|
|a Durö, Robert.
|
| 245 |
1 |
4 |
|a The basic principles of marketing warfare /
|c by Robert Durö and Björn Sandström.
|
| 250 |
|
|
|a English language ed.
|
| 264 |
|
1 |
|a Chichester [West Sussex] ;
|a New York :
|b Wiley,
|c [1987]
|
| 264 |
|
4 |
|c ©1987
|
| 300 |
|
|
|a xi, 164 pages :
|b illustrations ;
|c 24 cm.
|
| 336 |
|
|
|a text
|b txt
|2 rdacontent
|
| 337 |
|
|
|a unmediated
|b n
|2 rdamedia
|
| 338 |
|
|
|a volume
|b nc
|2 rdacarrier
|
| 504 |
|
|
|a Bibliography: pages 163-164.
|
| 500 |
|
|
|a Includes index.
|
| 650 |
|
0 |
|a Marketing.
|
| 700 |
1 |
|
|a Sandström, Björn.
|
| 999 |
|
|
|a MARS
|
| 999 |
f |
f |
|s e2e085f8-cc7d-31a5-9634-5ecbe479e434
|i d87bd919-7436-3fee-9e19-1ece5924ae0d
|t 0
|
| 952 |
f |
f |
|p ric
|a Texas A&M University
|b Rellis Campus
|c Joint Library Facility
|d Remote Storage
|t 0
|e HF5415 .D87 1987
|h Library of Congress classification
|i unmediated -- volume
|m A14811484280
|
| 998 |
f |
f |
|a HF5415 .D87 1987
|t 0
|l Remote Storage
|